Statistics for Wolfsburg first 11 2014/2015

Click here to take the quiz!

General Stats

  • This quiz has been taken 24 times
  • The average score is 7 of 11

Answer Stats

HintAnswer% Correct
LMCaligiuri
90%
CAMDe Bruyne
90%
CDMLuiz Gustavo
86%
CBNaldo
81%
GKBenaglio
76%
STOlic
67%
LBRodriguez
67%
CBKnoche
48%
RBJung
43%
CDMGuilavogui
38%
RMVieirinha
38%

Score Distribution

Percentile by Number Answered

Percent of People with Each Score

Your Score History

You have not taken this quiz